Project Management for Engineering, Business and Technology (Record no. 3228)

MARC details
005 - DATE AND TIME OF LATEST TRANSACTION
control field 20250605131757.0
020 ## - INTERNATIONAL STANDARD BOOK NUMBER
International Standard Book Number 978-0-367-27734-5
082 ## - DEWEY DECIMAL CLASSIFICATION NUMBER
Classification number 658.5 NIC
100 ## - MAIN ENTRY--PERSONAL NAME
Author name NICHOLAUS J.
245 ## - TITLE STATEMENT
Title Project Management for Engineering, Business and Technology
250 ## - EDITION STATEMENT
Edition statement 6th Ed.
260 ## - PUBLICATION, DISTRIBUTION, ETC.
Place of publication, distribution, etc. London
Name of publisher, distributor, etc. Routledge
Date of publication, distribution, etc. 2021
300 ## - PHYSICAL DESCRIPTION
Extent xxi,732p.;ill.;table
Other physical details Index
Dimensions 24.5cm
700 ## - ADDED ENTRY--PERSONAL NAME
Other authors/Editors HERMAN S.
942 ## - ADDED ENTRY ELEMENTS (KOHA)
Source of classification or shelving scheme Dewey Decimal Classification
Koha item type Books
Holdings
Date last seen Total checkouts Full call number Barcode Cost, replacement price Price effective from Koha item type Lost status Source of classification or shelving scheme Damaged status Not for loan Withdrawn status Home library Current library Shelving location Date acquired Cost, normal purchase price
06/05/2025   658.5NIC DOM00030 344736.00 06/05/2025 Books   Dewey Decimal Classification       CBE Dodoma CBE Dodoma Special Reserve Collection 03/12/2025 114912.00